LEADER 01471nam a2200313 i 4500 001 000000157840 003 CaOOAMICUS 005 20070119000000.0 008 070119s1987 it u000 u ita u 013 $a135201 020 $a88-18-89001-8 040 $aSeMil$bita 100 1 $aCatlin, George.$0(OLS)http://semarc/name/61602 240 10$aLetters and notes on the manners, customs, and conditions of North American Indians.$0(OLS)http://semarc/title/231564 245 13$aIl popolo dei pellerossa :$busi, costumi, vita nella prateria degli Indiani d'America /$cGeorge Catlin ; Traduzione dall'inglese e note di Alberto Paleari. 260 $aMilano :$bRusconi,$c1987. 300 $a620 p., [16] p. di tav. :$bill. ;$c22 cm. 490 0 $aLa sacra pipa 500 $aContiene : Appendice. - Fondo Card. Giovanni Colombo. 650 4$aIndiani d'America.$0(OLS)http://semarc/subject/5567 700 1 $aPaleari, Alberto.$0(OLS)http://semarc/name/50534 830 3$aLa sacra pipa.$0(OLS)http://semarc/title/14219 850 $aSeMil 852 $aSeMil$W1$xVenegono$y1$m1C VI 108$j109517$B109517$CSeMilBibl$Z2$F119061 $81 941 1 $a3 961 $aLascito: Colombo Card. Giovanni 996 $6020$a88-18-89001-8$9(OLS)http://semarc/number/148252 996 $6245$aIl popolo dei pellerossa :$busi, costumi, vita nella prateria degli Indiani d'America$9(OLS)http://semarc/title/231563 996 $6260$aMilano :$bRusconi$9(OLS)http://semarc/publisher/30258 LEADER 01727nam a2200313 4500 001 000000343914 003 CaOOAMICUS 005 20210122100136.0 008 210122s2003 it a 100 u ita r 020 $a88-15-08982-9 040 $aSeMil$bita 245 03$aIl secolo 12.: la Ğrenovatioğ dell'Europa cristiana :$b[atti della XLIII settimana di studio, Trento, 11-15 settembre 2000] /$ca cura di Giles Constable ... [et al.]. 246 0 $aDas 12. Jahrhundert :$bdie Ğrenovatioğ des christlichen Europa 264 1$aBologna :$bIl Mulino,$c2003. 300 $a564 p. :$bill. ;$c22 cm 490 1 $aAnnali dell'Istituto storico italo-germanico in Trento. Quaderni ;$v62 500 $aNell'occhietto: Istituto trentino di cultura 650 4$aEuropa - Storia - Sec. 12.$0(OLS)http://semarc/subject/6227 650 4$aStoria medievale - Sec. 12.$0(OLS)http://semarc/subject/6309 700 1 $aConstable, Giles,$d<1929- >,$ecuratore.$0(OLS)http://semarc/name/13287 830 0$aAnnali dell'Istituto storico italo-germanico in Trento. Quaderni ;$v62.$0(OLS)http://semarc/title/15483 850 $aSeMil 852 $aSeMil$W1$xVenegono$y1$m3A II 381$j223740$B234969$CSeMilBibl$Z2$F234969 $81 961 $aBrambilla don Paolo - Omaggio 996 $6020$a88-15-08982-9$9(OLS)http://semarc/number/292158 996 $6245$aIl secolo 12.: la Ğrenovatioğ dell'Europa cristiana :$b[atti della XLIII settimana di studio, Trento, 11-15 settembre 2000]$9(OLS)http://semarc/title/432961 996 $6246$aDas 12. Jahrhundert :$bdie Ğrenovatioğ des christlichen Europa$9(OLS)http://semarc/title/432962 996 $6264$aBologna :$bIl Mulino$9(OLS)http://semarc/publisher/29842